Alle Warrior Cats Zweiten Anführer - Statistics

General Stats
  • This quiz has been taken 5 times
  • The average score is 30 of 86
Answer Stats
Clan Anführer Charakter % Correct
DonnerClan Kiefernstern Abendsonne
100%
DonnerClan Abenstern Blaupelz
100%
SchattenClan Fetzenstern Braunschweif
100%
DonnerClan Feuerstern Brombeerkralle
100%
DonnerClan Eichhornstern Efeusee
100%
FlussClan Streifenstern Eichenherz
100%
DonnerClan Brombeerstern Eichhornschweif
100%
DonnerClan Blaustern Feuerherz
100%
DonnerClan Feuerstern Graustreif
100%
WolkenClan Blattstern Habichtschwinge
100%
WindClan Kurzstern Hasensprung
100%
WindClan Riesenstern Kurzbart
100%
DonnerClan Blaustern Löwenherz
100%
FlussClan Leopardenstern Nebelfuß
100%
DonnerClan Blaustern Rotschweif
100%
DonnerClan Blaustern Tigerkralle
100%
DonnerClan Feuerstern Weißpelz
100%
FlussClan Streifenstern Baumpelz
50%
DonnerClan Abendstern Bernsteinfleck
50%
SchattenClan Eschenstern und Tigerstern Bernsteinpelz
50%
SchattenClan Zedernstern Fetzenpelz
50%
SchattenClan Fetzenstern Fuchsherz
50%
FlussClan Leopardenstern Habichtfrost
50%
DonnerClan Rehstern Kiefernherz
50%
WindClan Hasenstern Krähenfeder
50%
SchattenClan Eschenstern Krähenfrost
50%
WindClan Riesenstern Lahmfuß
50%
FlussClan Streifenstern Leopardenfell
50%
WindClan Riesenstern Moorkralle
50%
FlussClan Jubelstern Muschelherz
50%
FlussClan Flussstern Nacht
50%
WindClan Heidestern Riesenschweif
50%
WolkenClan Blattstern Scharfkralle
50%
FlussClan Jubelstern Schiefmaul
50%
FlussClan Nebelstern Schilfbart
50%
SchattenClan Braunstern und Tigerstern Schwarzfuß
50%
FlussClan Leopardenstern Steinfell
50%
SchattenClan Zedernstern Steinzahn
50%
SchattenClan Eschenstern Tigerherz
50%
SchattenClan Tigerstern Wacholderkralle
50%
SchattenClan Fetzenstern Wolkenpelz
50%
SchattenClan Hundestern Zedernpelz
50%
WindClan Kurzstern Aschenfuß
0%
FlussClan Spritzschweif Beerenherz
0%
DonnerClan Eichenstern Bienenschweif
0%
DonnerClan Morgenstern Blattsturm
0%
DonnerClan Donnerstern Blitzschweif
0%
WolkenClan Fliegenstern Blumenfall
0%
WolkenClan Wolkenstern Bussardfeder
0%
WindClan Federstern Eichelfell
0%
SchattenClan Schwarzstern Eschenkralle
0%
DonnerClan Donnerstern Eulenauge
0%
FlussClan Eisstern Eulennase
0%
DonnerClan Gimpelstern Gänseherz
0%
WindClan Heidestern Ginsterfuß
0%
WindClan Windstern Ginsterpelz
0%
DonnerClan Löwenstern Grünauge
0%
FlussClan Spritzschweif Hasenlicht
0%
SchattenClan Nachtstern Hellpelz
0%
WolkenClan Spinnenstern Honigblatt
0%
FlussClan Wühlmausstern Jubelschrei
0%
WindClan Federstern Kieselfell
0%
SchattenClan Tigerstern Kleefuß
0%
SchattenClan Schneestern Lichtbart
0%
WindClan Blitzstern Milchfell
0%
DonnerClan Rotstern Mohnpelz
0%
SchattenClan Rieselstern Moornarbe
0%
DonnerClan Kiefernstern Nuschelfuß
0%
WolkenClan Birkenstern Platzregen
0%
SchattenClan Schattenstern Rabenpelz
0%
WolkenClan Abenstern Regenwolke
0%
DonnerClan Eichenstern Rehfeder
0%
SchattenClan Schwarzstern Rostfell
0%
WindClan Heidestern Schilffeder
0%
WindClan Steinstern Schlammpfütze
0%
SchattenClan Morgenstern Schlangenschweif
0%
FlussClan Birkenstern Schlehenfell
0%
SchattenClan Fleckenstern Seesturm
0%
SchattenClan Schattenstern Sonnenschatten
0%
SchattenClan Lilienstern Sonnenschweif
0%
WolkenClan Wolkenhimmel Sperlingfell
0%
FlussClan Dunkelstern Stachelschweif
0%
WindClan Nebelstern Steinschweif
0%
DonnerClan Hellstern Weinschweif
0%
WolkenClan Blattstern Wespenbart
0%
WolkenClan Fliegenstern Wolkensturm
0%
No matching quizzes found
Score Distribution
Percent of People with Each Score
Percentile by Number Answered
Your Score History
You have not taken this quiz